书目信息 |
| 题名: |
汉语造词法
|
|
| 作者: | 任学良 著 | |
| 分册: | ||
| 出版信息: | 北京 中国社会科学出版社 1981 |
|
| 页数: | 289页 | |
| 开本: | 19cm | |
| 丛书名: | ||
| 单 册: | ||
| 中图分类: | H146.1 , H13 | |
| 科图分类: | ||
| 主题词: | 汉语-构词法 , 构词法-汉语 , 汉语--语义 , 汉语--语义学 , 汉语--词汇 , 训诂 | |
| 电子资源: | ||
| ISBN: | ||
| 000 | 00706nam0 2200289 450 | |
| 001 | 1556759792 | |
| 005 | 20150120154637.29 | |
| 010 | @dCNY0.87 | |
| 091 | @a9190.017 | |
| 100 | @a19950522d1981 em y0chiy0110 ea | |
| 101 | 0 | @achi |
| 102 | @aCN@b110000 | |
| 105 | @ay z 000yy | |
| 200 | 1 | @a汉语造词法@9han yu zao ci fa@f任学良著 |
| 210 | @a北京@c中国社会科学出版社@d1981 | |
| 215 | @a289页@d19cm | |
| 606 | 0 | @a汉语-构词法 |
| 606 | 0 | @a构词法-汉语 |
| 606 | 0 | @a汉语@x语义 |
| 606 | 0 | @a汉语@x语义学 |
| 606 | 0 | @a汉语@x词汇 |
| 606 | 0 | @a训诂 |
| 690 | @aH146.1@v5 | |
| 690 | @aH13@v4 | |
| 701 | 0 | @a任学良@9ren xue liang@4著 |
| 801 | 0 | @aCN@bTSSF@c20150120 |
| 905 | @aZUCC@dH13@eJY32 | |
| 汉语造词法/任学良著.-北京:中国社会科学出版社,1981 |
| 289页;19cm |
| ISBN :CNY0.87 |
| ● |
| 相关链接 |
|
|
|
|
正题名:汉语造词法
索取号:H13/JY32
 
预约/预借
| 序号 | 登录号 | 条形码 | 馆藏地/架位号 | 状态 | 备注 |
| 1 | 7849699 | 278496995 | 学院路分馆/ [索取号:H13/JY32] | 在馆 | |
| 2 | 7849700 | 278497002 | 学院路分馆/ [索取号:H13/JY32] | 在馆 | |
| 3 | 7849701 | 278497011 | 学院路分馆/ [索取号:H13/JY32] | 在馆 | |
| 4 | 7849702 | 278497020 | 学院路分馆/ [索取号:H13/JY32] | 在馆 |